| 000 | 00914nam a22002897a 4500 | ||
|---|---|---|---|
| 003 | DO-SdBNP | ||
| 005 | 20250509134849.0 | ||
| 007 | ta | ||
| 008 | 221017b1998 sp ||||| |||| 00| 0 spa d | ||
| 020 | _a8477204055 | ||
| 040 |
_aDO-SdBNP _bspa _cBNPHU _erda |
||
| 041 | _aspa | ||
| 082 | 4 |
_axxx _bF537, 1998 _222 |
|
| 100 | 1 |
_aFishert, Robert, _eautor _4aut. _960058 |
|
| 245 | 1 | 3 |
_aEl caballero de la armadura oxidada / _cRobert Fishert ; traducción, Verónica d´Ornellas |
| 250 | _avigesima tercera edición | ||
| 264 | 1 |
_aBarcelona : _bEdiciones Obelisco, _c1998. |
|
| 300 |
_a93 páginas ; _c22 cm. |
||
| 336 |
_atexto _btxt _2rdacontent |
||
| 337 |
_asin mediación _bn _2rdamedia |
||
| 338 |
_avolumen _bnc _2rdacarrier |
||
| 490 | 1 | _aColección Nueva consciencia | |
| 590 | _aInventariado, 2022/BT | ||
| 700 |
_aD Ornella, Verónica, _etraductor _4tr. _987715 |
||
| 910 | _aBtavárez | ||
| 942 |
_2ddc _cLBS1 |
||
| 999 |
_c52555 _d52555 |
||